书目信息 |
| 题名: |
阅读村上春树的午后
|
|
| 作者: | 汤川丰 , 小山铁郎 著 ;赵婕 译 | |
| 分册: | ||
| 出版信息: | 北京 中国友谊出版公司 2017 |
|
| 页数: | 274页 | |
| 开本: | 21cm | |
| 丛书名: | ||
| 单 册: | ||
| 中图分类: | I313.065 , I313.065 | |
| 科图分类: | ||
| 主题词: | ||
| 电子资源: | ||
| ISBN: | 978-7-5057-3958-1 | |
| 000 | 00993nam0 2200253 450 | |
| 001 | 2060301057 | |
| 005 | 20201127164559.47 | |
| 010 | @a978-7-5057-3958-1@dCNY39.80 | |
| 100 | @a20171228d2017 em y0chiy50 ea | |
| 101 | 1 | @achi@cjpn |
| 102 | @aCN@b110000 | |
| 105 | @ay z 000yy | |
| 200 | 1 | @a阅读村上春树的午后@9yue du cun shang chun shu de wu hou@f(日)汤川丰,(日)小山铁郎著@g赵婕译 |
| 210 | @a北京@c中国友谊出版公司@d2017 | |
| 215 | @a274页@d21cm | |
| 330 | @a本书以对话的方式深度解读《挪威的森林》《海边的卡夫卡》《1Q84》等作品的精神内涵,抽丝剥茧地评述村上春树独特的文体文风,向读者全面展示村上春树如何一面维持独特的文体,一面竭力追求主题的深入,一步一个脚印地开拓自己的文学世界。 | |
| 600 | 0 | @a村上春树@f(1949- )@x文学研究 |
| 690 | @aI313.065@v5 | |
| 690 | @aI313.065@v4 | |
| 701 | 0 | @c(日)@a汤川丰@9tang chuan feng@4著 |
| 701 | 0 | @c(日)@a小山铁郎@9xiao shan tie lang@4著 |
| 702 | 0 | @a赵婕@9zhao jie@4译 |
| 801 | 2 | @aCN@b58marc.cn@c20180320 |
| 905 | @aMUSE@dI313.065@e2 | |
| 阅读村上春树的午后/(日)汤川丰,(日)小山铁郎著/赵婕译.-北京:中国友谊出版公司,2017 |
| 274页;21cm |
| ISBN 978-7-5057-3958-1:CNY39.80 |
| 本书以对话的方式深度解读《挪威的森林》《海边的卡夫卡》《1Q84》等作品的精神内涵,抽丝剥茧地评述村上春树独特的文体文风,向读者全面展示村上春树如何一面维持独特的文体,一面竭力追求主题的深入,一步一个脚印地开拓自己的文学世界。 |
| ● |
| 相关链接 |
|
|
|
正题名:阅读村上春树的午后
索取号:I313.065/2
 
预约/预借
| 序号 | 登录号 | 条形码 | 馆藏地/架位号 | 状态 | 备注 |
| 1 | 871416 | 2000871416 | 第一书库/ [索取号:I313.065/2] | 在馆 | |
| 2 | 871417 | 2000871417 | 第一书库/ [索取号:I313.065/2] | 在馆 | |
| 3 | 871418 | 2000871418 | 第一书库/ [索取号:I313.065/2] | 在馆 |